| 000 | 00369nam a2200145Ia 4500 | ||
|---|---|---|---|
| 008 | 150201s2005 xx 000 0 und d | ||
| 082 |
_a617.3 _bT05W |
||
| 100 | _aWEINSTEIN , STUART L. | ||
| 245 | _aTURCK,S ORTHOPAEDICS : PRINCIPLES & THEUR APPLICATION | ||
| 250 | _a6TH | ||
| 260 |
_bLIPPINCOTT _c2005 |
||
| 300 | _a1-760 | ||
| 650 | _aORTHOPEDICS | ||
| 942 |
_2ddc _cBK |
||
| 999 |
_c1532 _d1532 |
||